| 000 | 00604nam a2200181 i 4500 | ||
|---|---|---|---|
| 001 | 77670 | ||
| 003 | ES-MaACL | ||
| 005 | 20230906173330.0 | ||
| 007 | t| | ||
| 008 | 041102s2000 pr ||||1| spa d | ||
| 020 | _a0-8477-0387-8 | ||
| 100 | 1 |
_aSánchez, Luis Rafael. _9102400 |
|
| 245 | 1 | 3 |
_aLa importancia de llamarse Daniel Santos _b: fabulación / _cLuis Rafael Sánchez. |
| 260 |
_aSan Juan de Puerto Rico : _bUniversidad de Puerto Rico, _c2000. |
||
| 300 |
_a218 p. ; _c23 cm. |
||
| 600 | 1 | 4 |
_aSantos, Daniel. _9103467 |
| 852 |
_aES-MaACL _jE-10201 _bR.134434 |
||
| 999 |
_c77670 _d77670 |
||